The story of our heritage
Zapisane w:
| 1. autor: | |
|---|---|
| Format: | Książka |
| Język: | Undetermined |
| Wydane: |
Boston
Ginn
1962
|
| Hasła przedmiotowe: | |
| Etykiety: |
Dodaj etykietę
Nie ma etykietki, Dołącz pierwszą etykiete!
|
| Thư viện lưu trữ: | Trung tâm Học liệu Trường Đại học Cần Thơ |
|---|
| LEADER | 00465nam a2200181Ia 4500 | ||
|---|---|---|---|
| 001 | CTU_11119 | ||
| 008 | 210402s9999 xx 000 0 und d | ||
| 082 | |a 973 | ||
| 082 | |b W789 | ||
| 100 | |a Oscar O Winther | ||
| 245 | 4 | |a The story of our heritage | |
| 245 | 0 | |c Oscar O Winther | |
| 260 | |a Boston | ||
| 260 | |b Ginn | ||
| 260 | |c 1962 | ||
| 650 | |a united states - history | ||
| 904 | |i Minh, 961015 | ||
| 980 | |a Trung tâm Học liệu Trường Đại học Cần Thơ | ||